Departments of Paraguay - Statistics

General Stats
  • This quiz has been taken 96 times
  • The average score is 11 of 17
Answer Stats
Number Department % Correct
11 Central
81%
5 Caaguazu
75%
17 Alto Paraguay
74%
16 Boqueron
72%
3 Cordillera
70%
15 Presidente Hayes
70%
10 Alto Parana
66%
1 Concepcion
66%
8 Misiones
66%
12 Neembucu
64%
6 Caazapa
62%
7 Itapua
62%
13 Amambay
60%
4 Guaira
60%
2 San Pedro
60%
9 Paraguari
58%
14 Canindeyu
51%
No matching quizzes found
Score Distribution
Percent of People with Each Score
Percentile by Number Answered
Your Score History
You have not taken this quiz